000 00302nam a22001337a 4500
008 170407b xxu||||| |||| 00| 0 eng d
020 _a9780397515004
041 _aeng
080 _28TH
_a611.018
100 _a9
101 _aSHM
245 _aHISTOPATHOLOGY OF THE SKIN
_cELDER, D
942 _2udc
_cBK
999 _c10075
_d10075